Sociológia výchovy (Vybrané kapitoly)

Bibliographic Details
Main Authors: Gogová, Alžbeta, 1950- (Author), Kročková, Štefánia, 1941- (Author), Kurincová, Viera, 1954- (Author)
Format: Article
Language:Slovak
PhysicalDescription:125 s.
Published: Nitra Vysoká škola pedagogická 1995
ISBN:8080500053
Edition:1. vyd.
Subjects:

MARC

LEADER 00000nab a2200000 a 4500
001 vtls001497858
003 SK-MaSNL
005 20260304015834.0
008 240125s xo 000 0 slo
020 |a 8080500053 
035 |a SPKCL678 
040 |a SPKCL  |b slo  |c SNKBUCL  |d SPK(ZU)(KL)  |e AACR2 
041 |a slo 
044 |a xo  |c SK 
080 |a 37.015.4(075.8):37.013.78  |2 1981 
100 1 |a Gogová, Alžbeta,  |d 1950-  |4 aut  |9 39266 
245 1 0 |a Sociológia výchovy  |b (Vybrané kapitoly)  |c Alžbeta Gogová; Štefánia Kročková, Viera Kurincová 
250 |a 1. vyd. 
260 |a Nitra  |b Vysoká škola pedagogická  |c 1995 
300 |a 125 s. 
655 7 |a učebnice vysokých škôl  |2 SNKPH  |9 70191 
700 1 1 |a Kročková, Štefánia,  |d 1941-  |4 aut  |9 39300 
700 1 1 |a Kurincová, Viera,  |d 1954-  |4 aut  |9 250692 
850 |a Slovenská pedagogická knižnica Bratislava 
852 |a SPKCL  |b KIS3GCP  |b 000710000  |n SK  |x PV 37839 
852 |a SPKCL  |b KIS3GCP  |b 000710000  |n SK 
999 |c 2594739  |d 2596669